The abstract society : A culture analysis of our time

সংরক্ষণ করুন:
গ্রন্থ-পঞ্জীর বিবরন
প্রধান লেখক: Zijderveld, Anton C.
বিন্যাস: গ্রন্থ
ভাষা:Undetermined
প্রকাশিত: England Penguin Books 1970
বিষয়গুলি:
ট্যাগগুলো: ট্যাগ যুক্ত করুন
কোনো ট্যাগ নেই, প্রথমজন হিসাবে ট্যাগ করুন!
Thư viện lưu trữ: Trung tâm Học liệu Trường Đại học Cần Thơ
LEADER 00517nam a2200193Ia 4500
001 CTU_91104
008 210402s9999 xx 000 0 und d
082 |a 301 
082 |b Z68 
100 |a Zijderveld, Anton C. 
245 4 |a The abstract society : 
245 2 |b A culture analysis of our time 
245 0 |c Anton C. Zijderveld 
260 |a England 
260 |b Penguin Books 
260 |c 1970 
650 |a Culture,Sociology 
904 |i Mai Loan 
980 |a Trung tâm Học liệu Trường Đại học Cần Thơ